000 00827nam a2200277 a 4500
001 22759
003 SK-KTurca
005 20260423102715.0
008 010525s2000 xo 000 1 slo c
020 _a8071189855 (viaz.)
035 _aUKB000293582
040 _aBAA001
_bslo
_cBAA001
_eAACR2
041 1 _aslo
_heng
044 _axo
_cSK
080 _a820(73)-311.6
100 1 _aGarwood, Julie
245 0 0 _aDar lásky
_cJulie Garwoodová ; [z anglického originálu preložila Marta Pašková]
260 _aBratislava
_bIkar
_c2000
300 _a334 s
650 0 7 _aliteratúra americká
_xromány ľúbostné historické
650 0 7 _aromány ľúbostné historické americké
653 _a820(73)-311.6
700 1 _aPašková, Marta
_4trl
765 0 _tSaving grace
_aGarwood, Julie
942 _2ddc
_cKLDO
_n0
999 _c22759
_d22759